Top 10 des communes de France par lettre - Y - Statistiques

Statistiques générales
  • Ce quiz a été pris 37 fois
  • Le résultat moyen est 3 sur 10
Statistiques - réponses
Département Population Commune % Correct
Haute-Loire 7.380 Yssingeaux
80%
Essonne 28.349 Yerres
70%
Allier 12.670 Yzeure
43%
Seine-Maritime 11.548 Yvetot
40%
Moselle 17.497 Yutz
37%
Côtes-d'Armor 4.980 Yffiniac
20%
Cantal 4.316 Ytrac
20%
Sarthe 4.187 Yvré-l'Évêque
13%
Savoie 3.045 Yenne
7%
Gironde 2.901 Yvrac
0%
Aucun quiz correspondant
Distribution des résultats
% des personnes avec chaque résultat
Percentile par nombre de réponses
Votre historique - résultats
Vous n’avez pas pris ce quiz